MDQL
is popping MORE tags! Check the
thread
!
Quizzes
Events
Quiz Creation
Community
Videos
Private Events
Remove Ads
Sign In
Join for FREE
Feedback
Dark Mode
Quiz Categories
Sports
Geography
Music
Movies
Television
Just For Fun
Miscellaneous
History
Literature
Language
Science
Gaming
Entertainment
Religion
Holiday
For Kids
Quiz Lab
Recent
Popular Today
Quiz Kudos Today
Editor Picks
Curator Picks
Quizzes by...
Day
Popularity
Type
Ratings
Length
Year
Community
Subscriptions
Recent Discussions
Orange Saloon
Badges
Playlists
Quests
Create
Leaderboards
Showdown
Live 5
Trivia Bingo
Activity
Puzzle Library
Sporcle Events
Private Events
Virtual Trivia
Globe League
Become a Host
Pub Owners
SporcleCon
Opinionation
Our Games
Videos
Blog
Mobile Apps
Partnerships
Remove Ads and Go Orange
Feedback
Sports
Athletes
MLB
NBA
NHL
NFL
Soccer
Sports Teams
WWE
NCAA
Football
Premier League
Basketball
Baseball
Hockey
Golf
Tennis
Cricket
Rugby
Auto Racing
Olympics
World Cup
Sports
Athletes
MLB
NBA
NHL
NFL
Soccer
Sports Teams
WWE
NCAA
Football
Premier League
Basketball
Baseball
Hockey
Golf
Tennis
Cricket
Rugby
Auto Racing
Olympics
World Cup
Random Quiz
Search Sporcle
×
Quiz Lab
Quiz Lab
Sports
NCAA
Type in answers that appear in a list
Type in answers that appear in a list
Classic
Best Score? Go Orange.
North Carolina Tar Heels Starting QBs 1985-present Stats
Can you name the quarterbacks who started an extended amount of games for the Tar Heels?
By
CaseyLR16
10m
29 Questions
97 Plays
97 Plays
97 Plays
Comments
Comments
Give Quiz Kudos
Give Quiz Kudos
-
- Ratings
hide this ad
Replay
Link that replays current quiz
Next Quiz
Link to next quiz in quiz playlist
You Got
0%
They Got
Avg Score
26%
Avg Friend Score
Upgrade to see
Score Distribution
Jump to the score distribution portion of the page
Score
0/29
Timer
10:00
0
Plays Today
Year(s) Started
Quarterback
% Correct
2022-
present
Drake Maye
100%
2013-
2015
Marquise Williams
80%
2007-
2008, 2009-
2010
T.J. Yates
78.4%
1999
Dominique Williams
69.1%
2016
Mitchell Trubisky
66.7%
2011-
2013
Bryn Renner
62.9%
1998, 1999, 2000-
2001
Ronald Curry
56.7%
2001-
2004
Darian Durant
54.6%
1996-
1997
Chris Keldorf
47.4%
1996 (1 game), 1997-
1998
Oscar Davenport
45.4%
1988
Deems May
41.2%
1986-
1987
Mark Maye
38.1%
2019-
2021
Sam Howell
33.3%
1991, 1992-
1994
Jason Stanicek
32%
1992, 1994, 1995
Mike Thomas
28.9%
Year(s) Started
Quarterback
% Correct
2006, 2008
Cameron Sexton
25.8%
2006
Joe Dailey
20.6%
1988, 1989, 1990
Todd Burnett
18.6%
1984-
1985
Kevin Anthony
17.5%
1989, 1991
Chuckie Burnette
17.5%
1999
Luke Huard
16.5%
2005
Matt Baker
16.5%
1985, 1986, 1988-
1989
Jonathan Hall
14.4%
2002
C.J. Stephens
10.3%
2017
Chazz Surratt
0%
2017
Brandon Harris
0%
2017-
2018
Nathan Elliott
0%
2018
Cade Fortin
0%
2021 (1 game)
Jacolby Criswell
0%
Quiz Playlist
Details
Report
Send in Message
Add To Playlist
Classic:
Type in answers that appear in a list
Last Updated: Dec 13, 2023
Quiz Scoreboard
CHALLENGE
Sign Up to Join the Scoreboard
Show All
Scores
Hide
Comments
May contain spoilers
Recently Published
1-10 Letter E Words III
by El_Dandy
Language
2m
Street Fighter Characters
by Artimus82
Gaming
60s
College Basketball Coaching Resumes
by pancakes188
Sports
9m
More to Explore
Quiz From the Vault
Featured Blog Post
Where Did the Easter Bunny Come From?
hide this ad
You Might Also Like...
Tags
Football Quiz
NCAA Quiz
NCAA Football
North Carolina
Today's Top Quizzes in Sports
Browse Sports
hide this ad
Today's Top Quizzes in NCAA
Browse NCAA
Top Contributed Quizzes in Sports
1
2022 World Cup Stars
2
Les meilleurs buteurs des matchs entre le PSG et l’OM
3
FIFA Club World Cup Champions
4
Les entraîneurs de l'OM et du PSG au 21e siècle
5
Criteria MLB: Left Handed Sluggers
6
2023 MLB Unique Player Accomplishments
7
AFC Teams Reveal (Wrong Answers Minefield)
8
Players with Multiple 50 Home Run Seasons
9
5-to-1: FBS Animal Nicknames
10
5-to-1: UK Sports Teams
Explore More
Trending Topics
Harry Potter
NBA
Kpop
Crossword
Anime
Disney
Marvel
Country
Puzzle
Song
NFL
Pokémon
WWE
The Office
Soccer
hide this ad
More By:
CaseyLR16
Quiz
Plays
Rating
Category
Featured
Created
Michigan Wolverines Starting QBs 1985-present
1,006
4.00
Sports
Jul 22, 2012
Florida State Seminoles Starting QBs 1985-present
944
2.50
Sports
Sep 8, 2011
Georgia Bulldogs Starting QBs 1985-present
911
5.00
Sports
Sep 10, 2011
Tennessee Volunteers Starting QBs 1985-present
881
5.00
Sports
Nov 12, 2011
Ohio State Buckeyes Starting QBs 1985-present
779
3.60
Sports
Jun 25, 2012
Go to Creator's Profile
Score Distribution
Quiz Creator Spotlight
CaseyLR16
Follow
Send a Message
Quizzes Created
-
Created Quiz Play Count
-
More By This Creator
Popular Quizzes Today
1
Find the US States - No Outlines Minefield
2
Find the Countries of Europe - No Outlines Minefield
3
The Countries of the World
4
Find the US States
5
Risky Map Clicking: Biggest States A-Z
6
US States
7
Popular People in 1961
8
Movies - When Are They Set?
More Sports Quizzes
First XI: Blind - Netherlands
Quiz Lab
Trending Quizzes
Risky Map Clicking: Least Populous States A-Z
USA Borders Longest to Shortest
1-10 Letter G Words
1-10 Letter F Words
Countries of the World: 200 Million BC
Recently Updated
Beyoncé Albums
pecheneg
Leaping Animals
pecheneg
Reality TV Shows (A-Z)
bhenderson79
Rickey Henderson's Hall of Fame Teammates
pecheneg
Champions League XIs: Arsenal
pecheneg
Quick Pick: Celebrities in WWE's Hall of Fame
aduchscher
A-Z Keypad Blitz II
pecheneg
Multiple Oscar Actors
pecheneg
Mystery Phrase Blitz: Oscar 'Best Actors'
pecheneg
F. Scott Fitzgerald Novels
LTH
Trending Topics
Kpop
NBA
Crossword
Disney
Harry Potter
Marvel
Anime
Pokémon
Soccer
NFL
Puzzle
WWE
Song
Country
The Office
Your Account Isn't Verified!
In order to create a playlist on Sporcle, you need to verify the email address you used during registration. Go to your
Sporcle Settings
to finish the process.
Report this User
Report this user for behavior that violates our
Community Guidelines
.
Details:
Send Report
Go to the Sporcle.com Mobile Site →
Comments